6 Random Missing Countries on a Map - Statistics

General Stats
  • This quiz has been taken 318 times
  • The average score is 5 of 6
Answers on the Map
Answers color-coded by a green-red scale on the quiz's map according to % correct below.
 
Answer Stats
Country % Correct
Albania
100%
Algeria
100%
Angola
100%
Argentina
100%
Australia
100%
Austria
100%
Bangladesh
100%
Belarus
100%
Belgium
100%
Benin
100%
Bhutan
100%
Bolivia
100%
Bosnia and Herzegovina
100%
Botswana
100%
Brazil
100%
Bulgaria
100%
Burkina Faso
100%
Cambodia
100%
Cameroon
100%
Canada
100%
Cape Verde
100%
Central African Republic
100%
Chad
100%
Chile
100%
China
100%
Colombia
100%
Costa Rica
100%
Cyprus
100%
Czech Republic
100%
Democratic Republic of the Congo
100%
Denmark
100%
Dominican Republic
100%
Ecuador
100%
Egypt
100%
Ethiopia
100%
France
100%
Germany
100%
Ghana
100%
Guatemala
100%
Guinea
100%
Guyana
100%
Iceland
100%
India
100%
Iran
100%
Iraq
100%
Italy
100%
Jordan
100%
Kazakhstan
100%
Kenya
100%
Kosovo
100%
Laos
100%
Latvia
100%
Libya
100%
Lithuania
100%
Madagascar
100%
Mali
100%
Mexico
100%
Moldova
100%
Mongolia
100%
Montenegro
100%
Mozambique
100%
Namibia
100%
Nepal
100%
New Zealand
100%
Nicaragua
100%
Niger
100%
Nigeria
100%
North Korea
100%
North Macedonia
100%
Oman
100%
Pakistan
100%
Panama
100%
Paraguay
100%
Peru
100%
Philippines
100%
Poland
100%
Romania
100%
Russia
100%
Rwanda
100%
Saudi Arabia
100%
Sierra Leone
100%
Slovakia
100%
Somalia
100%
South Africa
100%
South Sudan
100%
Spain
100%
Sudan
100%
Suriname
100%
Sweden
100%
Tajikistan
100%
Tanzania
100%
Thailand
100%
Togo
100%
Turkmenistan
100%
Uganda
100%
Ukraine
100%
United Arab Emirates
100%
United States
100%
Uruguay
100%
Uzbekistan
100%
Yemen
100%
Zambia
100%
Zimbabwe
100%
Norway
90%
Haiti
89%
Serbia
89%
Croatia
88%
Indonesia
88%
Israel
88%
Lesotho
88%
Seychelles
88%
South Korea
88%
United Kingdom
88%
Vietnam
88%
Afghanistan
86%
Malawi
86%
Syria
86%
Comoros
83%
Malaysia
83%
Marshall Islands
83%
Morocco
83%
Sri Lanka
83%
Tunisia
83%
Ireland
82%
Estonia
80%
Ivory Coast
80%
Kiribati
80%
Mauritania
80%
Netherlands
80%
Republic of the Congo
80%
Samoa
80%
Solomon Islands
80%
Taiwan
80%
Tonga
80%
Venezuela
80%
Equatorial Guinea
75%
Finland
75%
Hungary
75%
Luxembourg
75%
Mauritius
75%
Myanmar
75%
Turkey
75%
Tuvalu
75%
Kyrgyzstan
71%
Papua New Guinea
71%
Portugal
70%
Armenia
67%
Azerbaijan
67%
Burundi
67%
Honduras
67%
Japan
67%
Slovenia
67%
Switzerland
67%
Eritrea
60%
Liberia
60%
Malta
60%
Senegal
60%
Belize
57%
El Salvador
57%
Gabon
57%
Lebanon
57%
Palau
57%
Eswatini
50%
Guinea-Bissau
50%
Jamaica
50%
Micronesia
50%
Trinidad and Tobago
50%
Greece
43%
Maldives
43%
Fiji
33%
Nauru
33%
Bahamas
29%
Cuba
29%
Gambia
25%
Georgia
25%
Qatar
25%
Vanuatu
14%
Djibouti
0%
East Timor
0%
Kuwait
0%
São Tomé and Príncipe
0%
No matching quizzes found
Score Distribution
Percent of People with Each Score
Percentile by Number Answered
Your Score History
You have not taken this quiz